000 00487nam a22001812 4500
001 0000004704
005 20170406120030.0
008 141117s xx 000 0 eng d
020 _c$
040 _aYour Holding Symbol
_cYour Holding Symbol
245 1 0 _aMIcrocomputer applications.
250 _a ed.
260 _aRedwood city :
_bTHE Benjamin,
_c1996.
300 _a250 p. :
_bill ;
_c cm.
504 _aindex.
650 0 _xmicrocomputer.
908 _a141117
999 _c4518
_d4518